General studies (Record no. 9398)

MARC details
000 -LEADER
fixed length control field 00527cam a2200205ua 4500
001 - CONTROL NUMBER
control field 10419
005 - DATE AND TIME OF LATEST TRANSACTION
control field 20260515114624.0
008 - FIXED-LENGTH DATA ELEMENTS--GENERAL INFORMATION
fixed length control field 190201n ii |||gr||||Z||||||eng
040 ## - CATALOGING SOURCE
Transcribing agency MAIN
041 ## - LANGUAGE CODE
Language code of text/sound track or separate title eng
082 ## - DEWEY DECIMAL CLASSIFICATION NUMBER
Classification number 030
245 ## - TITLE STATEMENT
Title General studies
Remainder of title ACS/ APS/ main examination 2018-19
250 ## - EDITION STATEMENT
Edition statement 9th ed.
260 ## - PUBLICATION, DISTRIBUTION, ETC.
Place of publication, distribution, etc. Guwahati:
Name of publisher, distributor, etc. New Assam Academic Centre,
Date of publication, distribution, etc. 2017.
300 ## - PHYSICAL DESCRIPTION
Extent 552p.
653 ## - INDEX TERM--UNCONTROLLED
Uncontrolled term General encyclopedic works
653 ## - INDEX TERM--UNCONTROLLED
Uncontrolled term General knowledge
700 ## - ADDED ENTRY--PERSONAL NAME
Personal name Dibyajyoti Sarmah,
Relator term Editor.
942 ## - ADDED ENTRY ELEMENTS (KOHA)
Koha item type Books
Holdings
Withdrawn status Lost status Damaged status Not for loan Home library Current library Shelving location Date acquired Total checkouts Full call number Barcode Date last seen Date last checked out Copy number Price effective from Koha item type
        Naharkatiya College Library Naharkatiya College Library General stacks 09/19/2020 3 030 | GEN 25475 07/07/2023 06/27/2023 1 09/19/2020 Books